000 00658nam a2200217Ii 4500
003 JO-AjNU
008 230605s9999||||xx |||||||||||||| ||und||
017 _a2003/8886
020 _a977-04-4143-0
040 _aJO-AjNU
_bara
_erda
_cJO-AjNU
041 _aara
050 1 4 _aK3055.2011
100 3 _a عبد المحسن ، مصطفى محمد,
_eauthor
_934322
245 0 0 _aانقضاء الدعوى الجنائية
250 _a(د،ط)
264 3 1 _aالقاهرة : دار النهضة العربية ، 2011
300 _a378ص
336 _atext
_btxt
_2rdacontent
337 _aunmediated
_bn
_2rdamedia
338 _avolume
_bnc
_2rdacarrier
999 _aA14060
_c17628
_d17628